LIBRARY & INFORMATION CENTRE, KCAET, TAVANUR

ONLINE PUBLIC ACCESS CATALOGUE (OPAC)

School certificate algebra: an alternative version of " A new algebra for schools" / (Record no. 9158)

MARC details
000 -LEADER
fixed length control field 00469cam a2200169ua 4500
041 ## - LANGUAGE CODE
Language code of text/sound track or separate title eng
082 ## - DEWEY DECIMAL CLASSIFICATION NUMBER
Classification number 512
Item number DUR/SC
100 ## - MAIN ENTRY--AUTHOR NAME
Personal name Durell, Clement V.
245 ## - TITLE STATEMENT
Title School certificate algebra: an alternative version of " A new algebra for schools" /
260 ## - PUBLICATION, DISTRIBUTION, ETC. (IMPRINT)
Place of publication London :
Name of publisher Orient-Longman Ltd ,
Year of publication 1966.
300 ## - PHYSICAL DESCRIPTION
Number of Pages 475 ; .
942 ## - ADDED ENTRY ELEMENTS (KOHA)
Koha item type Books
Holdings
Withdrawn status Lost status Damaged status Home library Current library Date acquired Full call number Accession Number Koha item type
      KAUAET KAUAET 07/04/2012 512 12366 Books
free website counter